<?xml version="1.0" encoding="UTF-8"?>
<collection xmlns="http://www.loc.gov/MARC21/slim">
 <record>
  <leader>01310nam a22002057a 4500</leader>
  <controlfield tag="001">NCT_4_010214</controlfield>
  <controlfield tag="008">240617b        xxu||||| |||| 00| 0 vie d</controlfield>
  <datafield tag="999" ind1=" " ind2=" ">
   <subfield code="c">8455</subfield>
   <subfield code="d">8455</subfield>
  </datafield>
  <datafield tag="020" ind1=" " ind2=" ">
   <subfield code="c">95000</subfield>
   <subfield code="a">9786045681374</subfield>
  </datafield>
  <datafield tag="082" ind1="0" ind2="4">
   <subfield code="2">23rd ed.</subfield>
   <subfield code="a">895.13</subfield>
   <subfield code="b">N104</subfield>
  </datafield>
  <datafield tag="100" ind1="1" ind2=" ">
   <subfield code="a">Tiếu Giang Nam</subfield>
  </datafield>
  <datafield tag="245" ind1="1" ind2="0">
   <subfield code="a">Trái cây đại chiến Zombie - Câu đố bí ẩn về các nền văn minh cổ</subfield>
   <subfield code="b">: Truyện tranh</subfield>
   <subfield code="c">Tiểu Giang Nam ; Đàm Hưng (dịch)</subfield>
  </datafield>
  <datafield tag="260" ind1=" " ind2=" ">
   <subfield code="a">H.</subfield>
   <subfield code="b">Phụ nữ Việt Nam </subfield>
   <subfield code="c">2020</subfield>
  </datafield>
  <datafield tag="300" ind1=" " ind2=" ">
   <subfield code="a">163 tr.</subfield>
   <subfield code="b">minh họa</subfield>
   <subfield code="c">24cm</subfield>
  </datafield>
  <datafield tag="520" ind1="3" ind2=" ">
   <subfield code="a">&quot;Trái Cây Đại Chiến Zombie - Câu Đố Bí Ẩn Về Các Nền Văn Minh Cổ&quot; xoay quanh cuộc phiêu lưu của nhóm bạn trái cây tại Ai Cập cổ đại. Các bạn đã vô tình trở thành những thám tử tài ba, giải mã những bí ẩn và khám phá những kho báu ẩn giấu trong các kim tự tháp, lăng mộ và đền đài cổ kính.</subfield>
  </datafield>
  <datafield tag="653" ind1=" " ind2=" ">
   <subfield code="a">Tham khảo</subfield>
  </datafield>
  <datafield tag="700" ind1="1" ind2=" ">
   <subfield code="a">Đàm Hưng</subfield>
   <subfield code="e">dịch</subfield>
  </datafield>
  <datafield tag="942" ind1=" " ind2=" ">
   <subfield code="2">ddc</subfield>
   <subfield code="c">BK</subfield>
  </datafield>
  <datafield tag="952" ind1=" " ind2=" ">
   <subfield code="0">0</subfield>
   <subfield code="1">0</subfield>
   <subfield code="2">ddc</subfield>
   <subfield code="4">0</subfield>
   <subfield code="6">895_130000000000000_N104</subfield>
   <subfield code="7">0</subfield>
   <subfield code="9">29139</subfield>
   <subfield code="a">000001</subfield>
   <subfield code="b">000001</subfield>
   <subfield code="d">2024-06-18</subfield>
   <subfield code="o">895.13 N104</subfield>
   <subfield code="p">TK.04359</subfield>
   <subfield code="r">2024-06-18</subfield>
   <subfield code="v">95000.00</subfield>
   <subfield code="w">2024-06-18</subfield>
   <subfield code="y">BK</subfield>
  </datafield>
  <datafield tag="980" ind1=" " ind2=" ">
   <subfield code="a">Thư viện Trường Đại học Nam Cần Thơ</subfield>
  </datafield>
 </record>
</collection>
